Gorgona / (Registro nro. 7193)

Detalles MARC
000 -CABECERA
Campo de control 00832nam a2200241 i 4500
005 - FECHA Y HORA DE LA ULTIMA TRANSACCION
Campo de control 20160130141551.0
008 - ELEMENTOS DE LONGITUD FIJA—INFORMACION GENERAL
Campo de control 160108s1980 ck||||| |||| 00| 0 spa d
040 ## - FUENTE DE CATALOGACIÓN
Agencia catalogadora original CO-BoIAVH
Agencia transcriptora CO-BoIAVH
041 ## - IDIOMA
Código de idioma para texto/pista de sonido o título separado Español
044 ## - PAÍS DE PUBLICACIÓN
País de publicación Colombia
082 04 - NUMERO DE CLASIFICACION DECIMAL DEWEY
Número de clasificación 591.9861
Número del ítem A33g
100 1# - ASIENTO PRINCIPAL--NOMBRE PERSONAL
Nombre personal Alberico, Michael
9 (RLIN) 6446
245 ## - MENCION DE TITULO
Título Gorgona /
Parte restante del título Michael Alberico y (otros seis autores).
260 ## - PUBLICACION, DISTRIBUCION, ETC. (PIE DE IMPRENTA)
Lugar de publicación, distribución, etc. Cali :
Nombre del editor, distribuidor, etc. Fundación para un Mejor Ambiente,
Fecha de publicación, distribución, etc. 1987
300 ## - DESCRIPCION FISICA
Extensión 134 páginas
650 14 - ASIENTO SECUNDARIO DE MATERIA - TERMINO TEMATICO
Término temático o nombre geográfico como elemento de entrada Zoología
Subdivisión geográfica Gorgona (Isla, Colombia)
9 (RLIN) 55786
650 24 - ASIENTO SECUNDARIO DE MATERIA - TERMINO TEMATICO
Término temático o nombre geográfico como elemento de entrada Fauna de islas
Subdivisión geográfica Gorgona (Isla, Colombia)
9 (RLIN) 55787
650 24 - ASIENTO SECUNDARIO DE MATERIA - TERMINO TEMATICO
Término temático o nombre geográfico como elemento de entrada Aves
Subdivisión geográfica Gorgona (Isla, Colombia)
9 (RLIN) 55788
650 24 - ASIENTO SECUNDARIO DE MATERIA - TERMINO TEMATICO
Término temático o nombre geográfico como elemento de entrada Crustáceos
Subdivisión geográfica Gorgona (Isla, Colombia)
9 (RLIN) 55789
650 24 - ASIENTO SECUNDARIO DE MATERIA - TERMINO TEMATICO
Término temático o nombre geográfico como elemento de entrada Peces
Subdivisión geográfica Gorgona (Isla, Colombia)
9 (RLIN) 55790
700 1# - ASIENTO SECUNDARIO - NOMBRE PERSONAL
Nombre personal Borrero Higuera, José Ignacio
Término de relación autor
9 (RLIN) 48404
942 ## - ELEMENTOS ADICIONALES (KOHA)
Tipo de ítem Libro
Sistema de clasificación Dewey Decimal Classification
Existencias
Withdrawn status Lost status Sistema de Clasificación Damaged status No para préstamo Colección Inventariado Ubicación Permanente Ubicación actual Fecha de adquisición Fuente de Valor Valor Total Checkouts Número topográfico Inventario / Código de Barras Date last seen Ejemplar Price effective from Forma de adquisición Tipo de material
    Dewey Decimal Classification     General Inventariado 2017 Bogotá Bogotá 12/11/2009 Instituto 50000.00   LB-591.9861 A33g 027757 04/12/2012 Ej.1 04/12/2012   Libro